[Event "ESP-chT Primera Division 2019"]
[Site "Linares"]
[Date "2019.08.29"]
[Round "4.19"]
[White "Delorme, Axel"]
[Black "Matnadze, Ana"]
[Result "1-0"]
[WhiteElo "2489"]
[BlackElo "2363"]
[Annotator "ChessBase"]
[PlyCount "125"]
[EventDate "2019.08.26"]
[EventType "team-tourn"]
[EventCountry "ESP"]
[SourceTitle "playchess.com"]
[Source "ChessBase"]
[SourceQuality "1"]
[TimeControl "5400+30"]

1. e4 {[%emt 0:00:00]} c6 {[%emt 0:00:00]} 2. Nf3 {[%emt 0:00:00]} d5 {[%emt 0:00:00]} 3. d3 {[%emt 0:00:00]} g6 {[%emt 0:00:41]} 4. e5 {[%emt 0:00:00]} Bg7 {[%emt 0:00:22]} 5. d4 {[%emt 0:01:17]} Bg4 {[%emt 0:02:36]} 6. Nbd2 {[%emt 0:00:44]} f6 {[%emt 0:02:38]} 7. h3 {[%emt 0:01:24]} Bxf3 {[%emt 0:02:32]} 8. Nxf3 {[%emt 0:00:07]} Nd7 {[%emt 0:00:17]} 9. exf6 {[%emt 0:02:23]} exf6 {[%emt 0:00:47]} 10. Bd3 {[%emt 0:02:00]} Qe7+ {[%emt 0:01:58]} 11. Be2 {[%emt 0:13:45]} Bh6 {[%emt 0:04:00]} 12. O-O {[%emt 0:01:23]} Kf7 {[%emt 0:00:35]} 13. c4 {[%emt 0:01:49]} Qd6 {[%emt 0:06:07]} 14. Qb3 {[%emt 0:02:39]} Rb8 {[%emt 0:01:53]} 15. Re1 {[%emt 0:00:25]} Bxc1 {[%emt 0:03:14]} 16. Raxc1 {[%emt 0:00:06]} Ne7 {[%emt 0:01:27]} 17. Bf1 {[%emt 0:03:42]} Rhe8 {[%emt 0:01:48]} 18. Rc3 {[%emt 0:28:25]} dxc4 {[%emt 0:11:07]} 19. Bxc4+ {[%emt 0:00:04]} Nd5 {[%emt 0:01:06]} 20. Rxe8 {[%emt 0:00:15]} Kxe8 {[%emt 0:04:06]} 21. Bxd5 {[%emt 0:00:09]} cxd5 {[%emt 0:05:33]} 22. Qc2 {[%emt 0:00:08]} Kf7 {[%emt 0:06:59]} 23. Rc7 {[%emt 0:03:40]} a6 {[%emt 0:09:40]} 24. h4 {[%emt 0:01:41]} h5 {[%emt 0:07:17]} 25. g3 {[%emt 0:01:12]} Qe6 {[%emt 0:01:07]} 26. Kg2 {[%emt 0:03:12]} b5 {[%emt 0:06:00]} 27. Qc1 {[%emt 0:08:35]} Rb6 {[%emt 0:00:32]} 28. Qh6 {[%emt 0:05:00]} Qe8 {[%emt 0:00:08]} 29. Qh7+ {[%emt 0:12:09]} Ke6 {[%emt 0:00:03]} 30. Rc3 {[%emt 0:00:39]} Kd6 {[%emt 0:01:12]} 31. Re3 {[%emt 0:01:29]} Nf8 {[%emt 0:02:34]} 32. Qg7 {[%emt 0:01:19]} Qd8 {[%emt 0:00:21]} 33. Qf7 {[%emt 0:02:40]} Rb8 {[%emt 0:00:13]} 34. Rc3 {[%emt 0:00:42]} b4 {[%emt 0:02:56]} 35. Rc5 {[%emt 0:01:39]} Ne6 {[%emt 0:00:48]} 36. Rc2 {[%emt 0:00:06]} b3 {[%emt 0:05:06]} 37. axb3 {[%emt 0:01:21]} Rxb3 {[%emt 0:00:11]} 38. Nd2 {[%emt 0:00:49]} Rb4 {[%emt 0:04:53]} 39. Qxg6 {[%emt 0:00:43]} Nxd4 {[%emt 0:02:12]} 40. Rc3 {[%emt 0:00:04]} Rxb2 {[%emt 0:02:00]} 41. Nf3 {[%emt 0:00:54]} Ne6 {[%emt 0:00:46]} 42. Re3 {[%emt 0:00:45]} Qb6 {[%emt 0:01:46]} 43. Qxf6 {[%emt 0:01:23]} Qxe3 {[%emt 0:00:06]} 44. Qxb2 {[%emt 0:00:07]} Qe4 {[%emt 0:00:55]} 45. Qa3+ {[%emt 0:00:20]} Nc5 {[%emt 0:00:13]} 46. Qc3 {[%emt 0:01:04]} Nd3 {[%emt 0:01:07]} 47. Qf6+ {[%emt 0:00:14]} Kc5 {[%emt 0:00:36]} 48. Kg1 {[%emt 0:00:38]} a5 {[%emt 0:00:32]} 49. Qc3+ {[%emt 0:00:26]} Kb6 {[%emt 0:00:12]} 50. Qf6+ {[%emt 0:00:44]} Kb5 {[%emt 0:00:21]} 51. Nd4+ {[%emt 0:00:20]} Kc4 {[%emt 0:00:18]} 52. Nc2 {[%emt 0:00:15]} Ne5 {[%emt 0:00:46]} 53. Ne3+ {[%emt 0:00:15]} Kb5 {[%emt 0:00:35]} 54. Qd6 {[%emt 0:00:57]} Nf3+ {[%emt 0:00:45]} 55. Kf1 {[%emt 0:00:13]} Nd2+ {[%emt 0:00:32]} 56. Ke2 {[%emt 0:00:27]} d4 {[%emt 0:00:55]} 57. Kxd2 {[%emt 0:00:11]} dxe3+ {[%emt 0:00:07]} 58. fxe3 {[%emt 0:00:03]} Qb4+ {[%emt 0:00:51]} 59. Qxb4+ {[%emt 0:00:02]} Kxb4 {[%emt 0:00:05]} 60. g4 {[%emt 0:00:23]} hxg4 {[%emt 0:00:56]} 61. h5 {[%emt 0:00:03]} g3 {[%emt 0:00:20]} 62. Ke2 {[%emt 0:00:06]} g2 {[%emt 0:00:15]} 63. Kf2 {[%emt 0:00:05]} 1-0

[Event "ESP-chT Primera Division 2019"]
[Site "Linares"]
[Date "2019.08.29"]
[Round "4.20"]
[White "Gonzalez Merino, Alberto"]
[Black "Alsina Leal, Daniel"]
[Result "0-1"]
[WhiteElo "2226"]
[BlackElo "2477"]
[Annotator "ChessBase"]
[PlyCount "75"]
[EventDate "2019.08.26"]
[EventType "team-tourn"]
[EventCountry "ESP"]
[SourceTitle "playchess.com"]
[Source "ChessBase"]
[SourceQuality "1"]
[TimeControl "5400+30"]

1. Nf3 {[%emt 0:00:00]} d5 {[%emt 0:00:00]} 2. d4 {[%emt 0:00:00]} Nf6 {[%emt 0:00:00]} 3. e3 {[%emt 0:00:07]} Bf5 {[%emt 0:04:10]} 4. Nh4 {[%emt 0:00:40]} Be4 {[%emt 0:06:41]} 5. f3 {[%emt 0:00:35]} Bg6 {[%emt 0:00:04]} 6. Nd2 {[%emt 0:04:19]} e6 {[%emt 0:01:55]} 7. Nxg6 {[%emt 0:00:29]} hxg6 {[%emt 0:00:06]} 8. Bd3 {[%emt 0:00:31]} g5 {[%emt 0:08:03]} 9. O-O {[%emt 0:18:25]} c5 {[%emt 0:02:05]} 10. c3 {[%emt 0:13:43]} Nc6 {[%emt 0:00:37]} 11. a3 {[%emt 0:02:26]} Qc7 {[%emt 0:05:30]} 12. g3 {[%emt 0:00:52]} Bd6 {[%emt 0:01:07]} 13. Qe1 {[%emt 0:10:07]} cxd4 {[%emt 0:10:36]} 14. exd4 {[%emt 0:02:19]} O-O-O {[%emt 0:02:25]} 15. Kg2 {[%emt 0:05:09]} e5 {[%emt 0:12:13]} 16. dxe5 {[%emt 0:13:53]} Nxe5 {[%emt 0:02:17]} 17. Bf5+ {[%emt 0:00:16]} Kb8 {[%emt 0:00:09]} 18. Nb3 {[%emt 0:00:17]} g4 {[%emt 0:10:34]} 19. Nd4 {[%emt 0:06:10]} Rde8 {[%emt 0:06:51]} 20. Qd2 {[%emt 0:05:47]} gxf3+ {[%emt 0:06:26]} 21. Nxf3 {[%emt 0:02:34]} g6 {[%emt 0:07:18]} 22. Bh3 {[%emt 0:01:44]} Neg4 {[%emt 0:06:48]} 23. Re1 {[%emt 0:01:22]} Qc4 {[%emt 0:02:07]} 24. b3 {[%emt 0:06:52]} Qxb3 {[%emt 0:00:08]} 25. Rxe8+ {[%emt 0:00:41]} Rxe8 {[%emt 0:00:03]} 26. Qd3 {[%emt 0:00:03]} Ne5 {[%emt 0:02:21]} 27. Nxe5 {[%emt 0:00:22]} Bxe5 {[%emt 0:00:12]} 28. Bd2 {[%emt 0:00:19]} d4 {[%emt 0:00:45]} 29. Re1 {[%emt 0:01:53]} Qd5+ {[%emt 0:01:04]} 30. Qf3 {[%emt 0:01:14]} dxc3 {[%emt 0:01:26]} 31. Bg5 {[%emt 0:01:14]} Qxf3+ {[%emt 0:00:45]} 32. Kxf3 {[%emt 0:00:01]} Nh7 {[%emt 0:00:41]} 33. Bf4 {[%emt 0:01:25]} f6 {[%emt 0:00:04]} 34. Bd7 {[%emt 0:00:23]} Rd8 {[%emt 0:00:30]} 35. Bxe5+ {[%emt 0:00:30]} fxe5 {[%emt 0:00:05]} 36. Ba4 {[%emt 0:00:10]} Rd3+ {[%emt 0:00:44]} 37. Kf2 {[%emt 0:00:52]} Nf6 {[%emt 0:00:26]} 38. Bc2 0-1

[Event "ESP-chT Primera Division 2019"]
[Site "Linares"]
[Date "2019.08.29"]
[Round "4.21"]
[White "Alonso Moyano, Jonathan"]
[Black "Rodriguez Amezqueta, Carlos"]
[Result "1/2-1/2"]
[WhiteElo "2358"]
[BlackElo "2063"]
[Annotator "NA"]
[PlyCount "35"]
[EventDate "2019.08.26"]
[EventType "team-tourn"]
[EventCountry "ESP"]
[SourceTitle "playchess.com"]
[Source "ChessBase"]
[SourceQuality "1"]
[TimeControl "5400+30"]

1. e4 {[%emt 0:00:00]} e6 {[%emt 0:00:00]} 2. d4 {[%emt 0:00:00]} d5 {[%emt 0:00:00]} 3. e5 {[%emt 0:00:00]} c5 {[%emt 0:00:00]} 4. c3 {[%emt 0:00:00]} Qb6 {[%emt 0:00:00]} 5. Nf3 {[%emt 0:00:23]} Nc6 {[%emt 0:00:09]} 6. a3 {[%emt 0:02:46]} Bd7 {[%emt 0:00:49]} 7. b4 {[%emt 0:00:30]} cxd4 {[%emt 0:00:07]} 8. cxd4 {[%emt 0:00:07]} Rc8 {[%emt 0:00:07]} 9. Be2 {[%emt 0:11:05]} a5 {[%emt 0:01:55]} 10. b5 {[%emt 0:01:04]} Nxd4 {[%emt 0:00:41]} 11. Nxd4 {[%emt 0:00:35]} Rxc1 {[%emt 0:00:12]} 12. Qxc1 {[%emt 0:00:05]} Qxd4 {[%emt 0:00:10]} 13. Qc7 {[%emt 0:32:16]} Qxa1 {[%emt 0:04:46]} 14. Qb8+ {[%emt 0:00:12]} Ke7 {[%emt 0:00:34]} 15. Qd6+ {[%emt 0:00:07]} Ke8 {[%emt 0:00:22]} 16. Qb8+ {[%emt 0:00:07]} Ke7 {[%emt 0:00:10]} 17. Qd6+ {[%emt 0:00:30]} Ke8 {[%emt 0:00:09]} 18. Qb8+ {Qd4 Bf1+} 1/2-1/2

[Event "ESP-chT Primera Division 2019"]
[Site "Linares"]
[Date "2019.08.29"]
[Round "4.22"]
[White "Fernandez Gonzalez, Juan Carlos"]
[Black "Martinez Ramirez, Erik"]
[Result "0-1"]
[WhiteElo "2396"]
[BlackElo "2217"]
[Annotator "NA"]
[PlyCount "56"]
[EventDate "2019.08.26"]
[EventType "team-tourn"]
[EventCountry "ESP"]
[SourceTitle "playchess.com"]
[Source "ChessBase"]
[SourceQuality "1"]
[TimeControl "5400+30"]

1. d4 {[%emt 0:00:00]} Nf6 {[%emt 0:00:00]} 2. c4 {[%emt 0:00:00]} g6 {[%emt 0:00:00]} 3. Nc3 {[%emt 0:00:00]} d5 {[%emt 0:00:00]} 4. cxd5 {[%emt 0:00:00]} Nxd5 {[%emt 0:00:00]} 5. e4 {[%emt 0:00:05]} Nxc3 {[%emt 0:00:00]} 6. bxc3 {[%emt 0:00:06]} Bg7 {[%emt 0:00:05]} 7. Bc4 {[%emt 0:00:13]} c5 {[%emt 0:01:05]} 8. Ne2 {[%emt 0:00:07]} O-O {[%emt 0:00:15]} 9. O-O Nc6 {[%emt 0:00:21]} 10. Be3 {[%emt 0:00:15]} Na5 {[%emt 0:00:36]} 11. Bd3 {[%emt 0:00:51]} b6 {[%emt 0:00:42]} 12. Rc1 {[%emt 0:00:40]} e5 {[%emt 0:03:00]} 13. dxc5 {[%emt 0:00:52]} Be6 14. c4 {[%emt 0:20:33]} Nb7 {[%emt 0:24:19]} 15. cxb6 {[%emt 0:12:40]} axb6 {[%emt 0:00:08]} 16. Qc2 {[%emt 0:03:44]} Ra3 {[%emt 0:10:14]} 17. Nc3 {[%emt 0:06:09]} Nc5 {[%emt 0:00:18]} 18. Bxc5 {[%emt 0:00:58]} bxc5 {[%emt 0:00:08]} 19. Rb1 Bd7 {[%emt 0:11:09]} 20. Rb3 {[%emt 0:12:37]} Ba4 {[%emt 0:00:39]} 21. Nxa4 {[%emt 0:02:10]} Rxa4 {[%emt 0:00:08]} 22. Rb5 {[%emt 0:07:09]} Ra3 {[%emt 0:03:04]} 23. Rd1 {[%emt 0:03:28]} Qa8 {[%emt 0:02:40]} 24. Rxc5 {[%emt 0:00:30]} Rxa2 {[%emt 0:00:18]} 25. Qb1 {[%emt 0:00:57]} Qa7 {[%emt 0:01:39]} 26. Qb5 {[%emt 0:00:24]} Rb8 {[%emt 0:02:24]} 27. Qc6 {[%emt 0:00:15]} Bf8 {[%emt 0:01:08]} 28. Bb1 {[%emt 0:00:25]} Rab2 {[%emt 0:01:19]} 0-1

[Event "ESP-chT Primera Division 2019"]
[Site "Linares"]
[Date "2019.08.29"]
[Round "4.23"]
[White "Rivas Garcia, Victor"]
[Black "Vaya Gomez, Alejandro"]
[Result "1-0"]
[WhiteElo "2165"]
[BlackElo "2032"]
[Annotator "NA"]
[PlyCount "125"]
[EventDate "2019.08.26"]
[EventType "team-tourn"]
[EventCountry "ESP"]
[SourceTitle "playchess.com"]
[Source "ChessBase"]
[SourceQuality "1"]
[TimeControl "5400+30"]

1. e4 {[%emt 0:00:00]} g6 {[%emt 0:00:00]} 2. d4 {[%emt 0:00:00]} Bg7 {[%emt 0:00:00]} 3. Nc3 {[%emt 0:00:00]} d6 {[%emt 0:00:00]} 4. f4 {[%emt 0:00:02]} a6 {[%emt 0:00:00]} 5. Nf3 {[%emt 0:00:11]} b5 {[%emt 0:00:06]} 6. Bd3 {[%emt 0:00:09]} Bb7 {[%emt 0:00:07]} 7. Be3 {[%emt 0:00:32]} Nd7 {[%emt 0:00:11]} 8. e5 {[%emt 0:02:52]} e6 {[%emt 0:00:20]} 9. a4 {[%emt 0:09:39]} b4 {[%emt 0:00:47]} 10. Ne4 {[%emt 0:00:15]} Ne7 {[%emt 0:00:19]} 11. O-O {[%emt 0:07:08]} O-O {[%emt 0:08:40]} 12. Qe1 {[%emt 0:07:02]} a5 {[%emt 0:26:17]} 13. exd6 {[%emt 0:06:32]} Nf5 {[%emt 0:00:27]} 14. dxc7 {[%emt 0:01:09]} Qxc7 {[%emt 0:00:11]} 15. Ne5 {[%emt 0:02:51]} Rad8 {[%emt 0:18:27]} 16. Bf2 {[%emt 0:12:48]} Nf6 {[%emt 0:05:31]} 17. Nc5 {[%emt 0:11:46]} Ba8 {[%emt 0:04:23]} 18. c3 {[%emt 0:01:34]} Nd5 {[%emt 0:01:29]} 19. Bxf5 {[%emt 0:05:12]} exf5 {[%emt 0:04:22]} 20. Bh4 {[%emt 0:01:29]} Rd6 {[%emt 0:07:21]} 21. Qd2 {[%emt 0:01:57]} Nxc3 {[%emt 0:13:30]} 22. bxc3 {[%emt 0:01:59]} Qxc5 {[%emt 0:00:53]} 23. Be7 {[%emt 0:01:12]} bxc3 {[%emt 0:04:49]} 24. Bxd6 {[%emt 0:00:27]} Qxd6 {[%emt 0:00:26]} 25. Qxc3 {[%emt 0:00:07]} Rd8 {[%emt 0:00:49]} 26. Rac1 {[%emt 0:01:21]} Bf8 {[%emt 0:01:07]} 27. Rfd1 {[%emt 0:01:26]} Qd5 {[%emt 0:00:36]} 28. Rc2 {[%emt 0:01:52]} Qe4 {[%emt 0:00:26]} 29. Qc7 {[%emt 0:03:11]} Bd5 {[%emt 0:00:42]} 30. Rf2 {[%emt 0:00:42]} Re8 {[%emt 0:01:20]} 31. Qxa5 {[%emt 0:02:54]} Bh6 {[%emt 0:00:35]} 32. Qb5 {[%emt 0:00:58]} Rd8 {[%emt 0:00:46]} 33. Qd3 {[%emt 0:03:43]} f6 {[%emt 0:00:39]} 34. Qxe4 {[%emt 0:02:41]} Bxe4 {[%emt 0:00:21]} 35. Nc4 {[%emt 0:00:32]} Bf8 {[%emt 0:00:21]} 36. Ne3 {[%emt 0:02:49]} Kf7 {[%emt 0:00:16]} 37. Ra2 {[%emt 0:00:37]} Bd6 {[%emt 0:00:07]} 38. g3 {[%emt 0:00:20]} g5 {[%emt 0:00:24]} 39. fxg5 {[%emt 0:01:29]} fxg5 {[%emt 0:00:01]} 40. Rf2 {[%emt 0:01:21]} Kg6 {[%emt 0:00:45]} 41. Rdf1 {[%emt 0:00:19]} f4 {[%emt 0:01:01]} 42. Nc4 {[%emt 0:02:44]} Bb8 {[%emt 0:01:12]} 43. Ne5+ {[%emt 0:00:20]} Bxe5 {[%emt 0:00:50]} 44. dxe5 {[%emt 0:00:03]} f3 {[%emt 0:00:18]} 45. Rxf3 {[%emt 0:00:42]} Bxf3 {[%emt 0:00:08]} 46. Rxf3 {[%emt 0:00:02]} Ra8 {[%emt 0:00:39]} 47. Ra3 {[%emt 0:00:37]} Ra5 {[%emt 0:00:05]} 48. Kf2 {[%emt 0:01:22]} g4 {[%emt 0:00:14]} 49. e6 {[%emt 0:01:08]} Kf6 {[%emt 0:00:29]} 50. Re3 {[%emt 0:00:14]} Ke7 {[%emt 0:00:56]} 51. Re4 {[%emt 0:00:04]} h5 {[%emt 0:00:17]} 52. Ke3 {[%emt 0:00:59]} Rd5 {[%emt 0:00:26]} 53. Ke2 {[%emt 0:00:59]} Rf5 {[%emt 0:00:31]} 54. Kd3 {[%emt 0:00:20]} Rf2 {[%emt 0:00:28]} 55. Re2 {[%emt 0:00:07]} Rf8 {[%emt 0:01:29]} 56. Kc4 {[%emt 0:00:25]} Rc8+ {[%emt 0:00:08]} 57. Kb5 {[%emt 0:00:21]} Rb8+ {[%emt 0:00:05]} 58. Kc6 {[%emt 0:00:34]} Ra8 {[%emt 0:00:08]} 59. Ra2 {[%emt 0:01:05]} Kxe6 {[%emt 0:00:12]} 60. a5 {[%emt 0:00:06]} Ke5 {[%emt 0:00:31]} 61. a6 {[%emt 0:00:18]} Ke4 {[%emt 0:00:22]} 62. a7 {[%emt 0:00:29]} Kf3 {[%emt 0:00:15]} 63. Kb7 {[%emt 0:00:07]} 1-0

[Event "ESP-chT Primera Division 2019"]
[Site "Linares"]
[Date "2019.08.29"]
[Round "4.24"]
[White "Iglesias Ferreira, Andres"]
[Black "Garcia-Castany Musellas, Gal.la"]
[Result "0-1"]
[WhiteElo "1845"]
[BlackElo "2149"]
[Annotator "NA"]
[PlyCount "37"]
[EventDate "2019.08.26"]
[EventType "team-tourn"]
[EventCountry "ESP"]
[SourceTitle "playchess.com"]
[Source "ChessBase"]
[SourceQuality "1"]
[TimeControl "5400+30"]

1. e4 {[%emt 0:00:00]} e5 {[%emt 0:00:00]} 2. Nf3 {[%emt 0:00:00]} Nc6 {[%emt 0:00:00]} 3. d4 {[%emt 0:00:00]} exd4 {[%emt 0:00:00]} 4. Bc4 {[%emt 0:00:00]} Bc5 {[%emt 0:01:56]} 5. c3 {[%emt 0:00:24]} Nf6 {[%emt 0:01:20]} 6. cxd4 {[%emt 0:00:10]} Bb4+ {[%emt 0:01:04]} 7. Bd2 {[%emt 0:00:19]} Bxd2+ {[%emt 0:03:13]} 8. Nbxd2 {[%emt 0:00:17]} Nxe4 {[%emt 0:03:08]} 9. Bxf7+ {[%emt 0:09:48]} Kxf7 {[%emt 0:00:48]} 10. Nxe4 {[%emt 0:00:14]} Re8 {[%emt 0:01:10]} 11. Qe2 {[%emt 0:18:30]} d5 {[%emt 0:01:50]} 12. Nfg5+ {[%emt 0:00:05]} Kg6 {[%emt 0:23:42]} 13. f4 {[%emt 0:29:55]} h6 {[%emt 0:13:24]} 14. h4 {[%emt 0:05:17]} hxg5 {[%emt 0:00:51]} 15. h5+ {[%emt 0:03:16]} Kh7 {[%emt 0:00:28]} 16. O-O-O {[%emt 0:03:16]} Rxe4 {[%emt 0:00:22]} 17. Qc2 {[%emt 0:04:47]} Bf5 {[%emt 0:02:48]} 18. g4 {[%emt 0:00:35]} Bxg4 {[%emt 0:02:08]} 19. Rhg1 {[%emt 0:01:02]} 0-1

[Event "ESP-chT Primera Division 2019"]
[Site "Linares"]
[Date "2019.08.30"]
[Round "5.1"]
[White "Gonzalez Merino, Alberto"]
[Black "Espinosa Aranda, Angel"]
[Result "0-1"]
[WhiteElo "2226"]
[BlackElo "2497"]
[Annotator "TA"]
[PlyCount "154"]
[EventDate "2019.08.26"]
[EventType "team-tourn"]
[EventCountry "ESP"]
[SourceTitle "playchess.com"]
[Source "ChessBase"]
[SourceQuality "1"]

{[%evp 17,154,0,0,3,2,-6,-8,-11,-10,-14,-7,-5,-16,-18,0,0,0,-8,-11,-10,-2,-11,-6,-23,-18,-11,0,0,0,-25,-4,-31,-20,-50,-48,-48,-43,-43,-41,-60,-52,-48,-56,-56,-64,-58,-44,-72,-60,-101,-71,-101,-102,-127,-134,-169,-164,-169,-167,-180,-181,-220,-111,-184,-195,-358,-356,-326,-240,-231,-200,-300,-300,-298,-292,-295,-292,-256,-191,-182,-176,-164,-108,-106,-106,-121,-94,-94,-94,-170,-52,-68,-66,-56,-55,-52,-50,-94,-94,-94,-94,-140,-143,-343,-500,-490,-482,-478,-432,-389,-338,-600,-584,-1684,-1631,-4430,-2360,-29969,-29971,-29970,-4430,-2446,-1086,-4133,0,-2276,-2940,-2308,-2176,-1643,0,-29972,-29972,-29971,-29973,-29977,-29978,-29983,-29982]} 1. Nf3 g6 2. d4 Nf6 3. b3 Bg7 4. Bb2 O-O 5. Nbd2 d5 6. e3 Nbd7 7. Bd3 b6 8. O-O Bb7 9. c4 c5 10. Rc1 {D04: Colle System} (10. Qe2 cxd4 11. exd4 dxc4 12. bxc4 Re8 13. Rad1 Qc7 14. Rfe1 Rac8 15. Ne5 Nxe5 16. dxe5 Nd7 17. Nb3 Nc5 18. Nxc5 Qxc5 {1-0 (31) Nakamura,H (2786)-Caruana,F (2802) chess.com INT 2017}) 10... dxc4 $146 ({Predecessor:} 10... e6 11. Qc2 Rc8 12. Qb1 cxd4 13. Bxd4 Nc5 14. Be2 Nfe4 15. Rfd1 Bxd4 16. exd4 Nxd2 17. Nxd2 Nd7 {1-0 (38) Atabayev,Y (2425)-Galaktionov,A (2271) Moscow 2019}) 11. Nxc4 Rc8 12. Qe2 {The position is equal.} cxd4 13. Bxd4 Nc5 14. Bb1 Qd5 15. Be5 Ba6 16. Rfd1 Qb7 17. Qb2 Ncd7 18. Bd4 Bxc4 19. bxc4 Nc5 20. Nd2 Ne6 21. Be5 Nd7 22. Bxg7 Nxg7 23. Nb3 Ne6 24. h4 Nf6 $36 {[%mdl 2048] Black has some pressure.} 25. Qe5 Qc7 26. Qc3 Rfd8 27. Rxd8+ Rxd8 28. g3 Nc5 (28... Qd6 {seems wilder.} 29. Qb2 Ng4 30. Qe2 h5 31. Be4 Nc5) 29. Nxc5 Qxc5 30. Bd3 Rd6 31. Rb1 a6 {[%cal Ba7a6,Ba6a5][%mdl 32]} 32. a4 Nd7 33. Bf1 a5 34. Rb5 Qc7 35. Qc2 Nc5 36. Bg2 Qd7 37. Bd5 Qf5 38. e4 Qe5 39. Kg2 Qd4 ({Better is} 39... e6 $19 40. f4 Qd4) 40. Qe2 (40. Rb1 $17) 40... e6 $19 41. Ba8 $2 (41. e5 {was the only chance.} Rd8 42. Bc6) 41... Rd8 42. Bc6 Nxa4 43. Rb3 Nc3 44. Qc2 (44. Qe3 $142 Nd1 45. Qf4) 44... Rc8 45. Qxc3 Qxc3 46. Rxc3 {Bb5 is the strong threat.} Rxc6 {[%mdl 4096] Endgame KR-KR} 47. Kf3 Kf8 48. Ke3 Ke7 49. e5 f6 (49... Kd8 $19 50. Kd4 Rc7) 50. exf6+ $17 Kxf6 51. Kd4 Rd6+ 52. Ke4 e5 53. c5 (53. Rb3 $17 {keeps fighting.}) 53... Rd4+ ({Black should play} 53... bxc5 $19 {Strongly threatening ...Rd4+.} 54. Rxc5 Ra6) 54. Ke3 $15 bxc5 55. Rxc5 Ra4 56. Rc8 h5 57. f3 {[#]} Ra1 $1 {aiming for ...a4.} 58. Rf8+ Ke6 59. Re8+ Kd5 60. Rg8 $2 {[#]} (60. Rd8+ $17 Kc6 61. Rg8) 60... a4 $1 $19 {[%cal Ra4a3]} 61. Rd8+ Kc4 62. Rc8+ Kb3 63. Rb8+ Ka2 64. f4 $2 (64. Rb6 a3 65. g4) 64... exf4+ 65. Kxf4 Rb1 66. Ra8 Rb4+ 67. Kf3 a3 68. Re8 Rc4 (68... Kb3 $142 69. Re3+ Kb2 70. Re2+ Ka1 71. Re1+ Rb1 72. Re2 a2 73. g4 Rb3+ 74. Kf4 Rb4+ 75. Kf3 hxg4+ 76. Kg3 Kb1 77. Re1+ Kb2 78. Re2+ Ka3 79. Re1 Kb2 80. Re2+ Ka3 81. Re1 Kb2) 69. Rb8 Ka1 (69... Rc3+ $142 70. Kf4 Rb3) 70. Rb3 Ka2 71. Rb8 $1 Rc3+ 72. Kf4 Rb3 73. Re8 Rb4+ (73... Kb2 $19 74. Re2+ Ka1 75. Re1+ Rb1) 74. Kf3 $1 Kb3 {Black mates.} 75. Re3+ Ka4 76. Re8 a2 77. Ra8+ Kb3 {Accuracy: White = 35%, Black = 64%.} 0-1

[Event "ESP-chT Primera Division 2019"]
[Site "Linares"]
[Date "2019.08.30"]
[Round "5.2"]
[White "Plazuelo Pascual, Juan"]
[Black "Rodriguez Amezqueta, Carlos"]
[Result "1-0"]
[WhiteElo "2411"]
[BlackElo "2063"]
[Annotator "NA"]
[PlyCount "77"]
[EventDate "2019.08.26"]
[EventType "team-tourn"]
[EventCountry "ESP"]
[SourceTitle "playchess.com"]
[Source "ChessBase"]
[SourceQuality "1"]
[TimeControl "5400+30"]

1. d4 {[%emt 0:00:00]} e6 {[%emt 0:00:00]} 2. Nf3 {[%emt 0:00:00]} f5 {[%emt 0:00:11]} 3. g3 {[%emt 0:00:11]} Nf6 {[%emt 0:00:26]} 4. Bg2 {[%emt 0:00:05]} g6 {[%emt 0:00:08]} 5. O-O {[%emt 0:01:03]} Bg7 {[%emt 0:00:05]} 6. c4 {[%emt 0:00:19]} O-O {[%emt 0:00:08]} 7. Nc3 {[%emt 0:01:05]} d6 {[%emt 0:00:09]} 8. Re1 {[%emt 0:00:28]} Ne4 {[%emt 0:00:15]} 9. Qc2 {[%emt 0:00:34]} Nxc3 {[%emt 0:00:20]} 10. bxc3 {[%emt 0:00:14]} e5 {[%emt 0:00:15]} 11. e4 {[%emt 0:01:23]} Nc6 {[%emt 0:01:20]} 12. exf5 {[%emt 0:01:14]} Bxf5 {[%emt 0:00:08]} 13. Qb3 {[%emt 0:01:43]} Rb8 {[%emt 0:00:11]} 14. c5+ {[%emt 0:00:57]} Kh8 {[%emt 0:00:11]} 15. cxd6 {[%emt 0:00:39]} cxd6 {[%emt 0:00:08]} 16. dxe5 {[%emt 0:00:15]} Bg4 {[%emt 0:00:47]} 17. Re3 {[%emt 0:28:52]} Nxe5 {[%emt 0:04:59]} 18. Nxe5 {[%emt 0:00:26]} Bxe5 {[%emt 0:01:07]} 19. Ba3 {[%emt 0:01:29]} Re8 {[%emt 0:29:25]} 20. Rae1 {[%emt 0:02:45]} Qd7 {[%emt 0:01:11]} 21. c4 {[%emt 0:02:53]} Bg7 {[%emt 0:12:43]} 22. Qb4 {[%emt 0:11:33]} Rxe3 {[%emt 0:18:52]} 23. Rxe3 {[%emt 0:00:27]} Qf5 {[%emt 0:04:41]} 24. Be4 {[%emt 0:04:51]} Qf6 {[%emt 0:03:37]} 25. Qxd6 {[%emt 0:01:14]} Qxd6 {[%emt 0:02:31]} 26. Bxd6 {[%emt 0:00:04]} Rd8 {[%emt 0:00:09]} 27. Bxb7 {[%emt 0:10:48]} Rxd6 {[%emt 0:05:43]} 28. Re8+ {[%emt 0:00:12]} Bf8 {[%emt 0:00:00]} 29. Rxf8+ {[%emt 0:00:08]} Kg7 {[%emt 0:00:01]} 30. Rf4 {[%emt 0:00:31]} Bh3 {[%emt 0:01:04]} 31. Bd5 {[%emt 0:00:08]} Rb6 {[%emt 0:00:49]} 32. Rf7+ {[%emt 0:00:25]} Kh6 {[%emt 0:00:38]} 33. Rb7 {[%emt 0:00:15]} Ra6 {[%emt 0:00:53]} 34. Bg8 {[%emt 0:00:30]} Bf5 {[%emt 0:03:21]} 35. Rxh7+ {[%emt 0:01:50]} Kg5 {[%emt 0:00:01]} 36. c5 {[%emt 0:00:36]} Rc6 {[%emt 0:01:26]} 37. Bd5 {[%emt 0:00:35]} Rxc5 {[%emt 0:00:27]} 38. f4+ {[%emt 0:00:03]} Kg4 {[%emt 0:00:30]} 39. Rh4# {[%emt 0:00:04]} 1-0